[Event "Wch Juvenil 2013 sub-16 femenino"]
[Site "Al-Ain UAE"]
[Date "2013.12.24"]
[Round "7.21"]
[White "Xiang, Ellen"]
[Black "Uzlavataya, Anhelina"]
[Result "1-0"]
[WhiteElo "1954"]
[BlackElo "1892"]
[PlyCount "69"]
[EventDate "2013.12.19"]
[EventType "swiss"]
[EventRounds "11"]
[EventCountry "UAE"]
[Source "lmi"]
[SourceDate "2013.12.19"]

1. d4 Nf6 2. c4 c5 3. d5 e6 4. Nc3 exd5 5. cxd5 d6 6. e4 g6 7. Nf3 Bg7 8. Be2
O-O 9. O-O Bg4 10. Nd2 Bxe2 11. Qxe2 Re8 12. Re1 Na6 13. a4 Nb4 14. Nc4 Nbxd5
15. Nxd5 Nxd5 16. Rd1 Bd4 17. Qf3 Qe7 18. e5 Nb4 19. Nxd6 Red8 20. h4 f6 21.
Qb3+ Kg7 22. Rxd4 cxd4 23. Qxb4 Rd7 24. exf6+ Qxf6 25. Ne4 Qxh4 26. f3 a5 27.
Qd2 Rd5 28. b3 Rad8 29. Bb2 Qe7 30. Rc1 h6 31. Rc4 Qd7 32. Qf4 Rf8 33. Qd2 Rd8
34. Qf4 Rf8 35. Bxd4+ 1-0

[Event "Wch Juvenil 2013 sub-16 femenino"]
[Site "Al-Ain UAE"]
[Date "2013.12.24"]
[Round "7.22"]
[White "Saikhanzaya, Ganbaatar"]
[Black "Gholami Orimi, Anahita"]
[Result "1/2-1/2"]
[WhiteElo "1939"]
[BlackElo "1817"]
[PlyCount "97"]
[EventDate "2013.12.19"]
[EventType "swiss"]
[EventRounds "11"]
[EventCountry "UAE"]
[Source "lmi"]
[SourceDate "2013.12.19"]

1. d4 Nf6 2. c4 e6 3. Nf3 b6 4. g3 Bb7 5. Bg2 Be7 6. O-O O-O 7. Nc3 d5 8. Ne1
c5 9. cxd5 cxd4 10. Qxd4 Bc5 11. Qd1 Nxd5 12. Nxd5 Bxd5 13. Qa4 Bxg2 14. Nxg2
Qd7 15. Qe4 Na6 16. a3 Bd4 17. Rb1 Nc5 18. Qc2 Qb5 19. Be3 Bf6 20. Bxc5 bxc5
21. Rfc1 Rfd8 22. Nf4 Rac8 23. a4 Qb6 24. b3 Bg5 25. e3 Bxf4 26. gxf4 Rd5 27.
Rd1 Rcd8 28. Rdc1 Rc8 29. b4 c4 30. Rb3 h6 31. Qb1 Qa6 32. Ra3 Rh5 33. Qe4 Rd5
34. Qc2 Qd6 35. Rc3 Qxb4 36. Rxc4 Rxc4 37. Qxc4 Rd1+ 38. Kg2 Qb7+ 39. Qc6 Qxc6+
40. Rxc6 Rd7 41. Rc8+ Kh7 42. Rb8 Kg6 43. Kf3 Kf6 44. Rb5 Ke7 45. f5 Rd5 46.
Rb7+ Rd7 47. Rb5 Rd5 48. Rb7+ Rd7 49. Rb5 1/2-1/2

[Event "Wch Juvenil 2013 sub-16 femenino"]
[Site "Al-Ain UAE"]
[Date "2013.12.24"]
[Round "7.23"]
[White "Aay, Aisyah Anisa"]
[Black "Golubeva, Marija"]
[Result "1-0"]
[WhiteElo "1900"]
[BlackElo "1825"]
[PlyCount "105"]
[EventDate "2013.12.19"]
[EventType "swiss"]
[EventRounds "11"]
[EventCountry "UAE"]
[Source "lmi"]
[SourceDate "2013.12.19"]

1. e4 c5 2. Nf3 Nc6 3. d4 cxd4 4. Nxd4 e5 5. Nb5 d6 6. N1c3 a6 7. Na3 Be7 8.
Be2 Nf6 9. Bg5 b5 10. Bxf6 Bxf6 11. Nd5 Bg5 12. c4 Qa5+ 13. Kf1 b4 14. Nc2 O-O
15. h4 Bh6 16. g4 Bf4 17. Nxf4 exf4 18. Qxd6 f3 19. Bxf3 Ne5 20. Kg2 Nxc4 21.
Qxb4 Qxb4 22. Nxb4 Nxb2 23. Nc6 Be6 24. e5 Rae8 25. Rae1 Nd3 26. Re3 Nf4+ 27.
Kg3 Nd5 28. Ra3 Nc7 29. Rc1 f5 30. gxf5 Rxf5 31. Nd4 Nb5 32. Nxf5 Nxa3 33. Nd4
Bf7 34. e6 Bg6 35. h5 Bb1 36. Bd5 Kf8 37. Rc7 Re7 38. Rc3 Nb5 39. Rf3+ Ke8 40.
Bc6+ Kd8 41. Bxb5 axb5 42. Nc6+ Ke8 43. Nxe7 Kxe7 44. Rf7+ Kxe6 45. Rxg7 Kd5
46. Ra7 b4 47. h6 Kc4 48. f4 Kc3 49. Kg4 Kb2 50. f5 Bxa2 51. Rxh7 Kc3 52. Rc7+
Bc4 53. h7 1-0

[Event "Wch Juvenil 2013 sub-16 femenino"]
[Site "Al-Ain UAE"]
[Date "2013.12.24"]
[Round "7.24"]
[White "Narzikulova, Gulhae"]
[Black "Haussernot, Cecile"]
[Result "0-1"]
[WhiteElo "1769"]
[BlackElo "2062"]
[PlyCount "56"]
[EventDate "2013.12.19"]
[EventType "swiss"]
[EventRounds "11"]
[EventCountry "UAE"]
[Source "lmi"]
[SourceDate "2013.12.19"]

1. d4 Nf6 2. c4 e6 3. Nc3 Bb4 4. e3 O-O 5. Bd3 d5 6. Nf3 c5 7. O-O Nc6 8. a3
Bxc3 9. bxc3 dxc4 10. Bxc4 Qc7 11. a4 Rd8 12. Qe2 b6 13. Ba3 Bb7 14. Bd3 e5 15.
dxe5 Nxe5 16. Nxe5 Qxe5 17. Bb2 Qd5 18. Bxh7+ Kxh7 19. f3 Qd2 20. Qb5 Qxe3+ 21.
Kh1 Qd3 22. c4 Rd6 23. a5 Bc6 24. Qa6 b5 25. Be5 Re6 26. Rfe1 Qxc4 27. Rac1
Rxe5 28. Qxc6 Rae8 0-1

[Event "Wch Juvenil 2013 sub-16 femenino"]
[Site "Al-Ain UAE"]
[Date "2013.12.24"]
[Round "7.26"]
[White "Trippold, Denise"]
[Black "Egorova, Ayyyna"]
[Result "0-1"]
[WhiteElo "1789"]
[BlackElo "2006"]
[PlyCount "76"]
[EventDate "2013.12.19"]
[EventType "swiss"]
[EventRounds "11"]
[EventCountry "UAE"]
[Source "lmi"]
[SourceDate "2013.12.19"]

1. d4 f5 2. g3 Nf6 3. Bg2 g6 4. Nf3 Bg7 5. O-O O-O 6. c4 d6 7. Nc3 Qe8 8. Re1
Qf7 9. b3 Ne4 10. Bb2 e5 11. dxe5 dxe5 12. Nxe4 fxe4 13. Ng5 Qxf2+ 14. Kh1 Qc5
15. Nxe4 Qe7 16. Qc2 Nc6 17. Rad1 Bf5 18. Qc3 Rad8 19. Qc1 Rxd1 20. Rxd1 Rd8
21. Nc3 Nd4 22. Nd5 Qf7 23. e3 Nc6 24. Ba3 Kh8 25. Rf1 Qd7 26. b4 e4 27. g4
Bxg4 28. Bxe4 Ne5 29. Bb2 Bh3 30. Bg2 Bxg2+ 31. Kxg2 Qg4+ 32. Kh1 Qe4+ 33. Kg1
Qg4+ 34. Kh1 c6 35. Nf4 g5 36. Ng2 Kg8 37. Qc3 Qxc4 38. Qe1 Nd3 0-1

[Event "Wch Juvenil 2013 sub-16 femenino"]
[Site "Al-Ain UAE"]
[Date "2013.12.24"]
[Round "7.27"]
[White "Shakhmurzova, Fatima"]
[Black "Smaraki, Mohanty"]
[Result "1-0"]
[WhiteElo "1983"]
[BlackElo "1837"]
[PlyCount "83"]
[EventDate "2013.12.19"]
[EventType "swiss"]
[EventRounds "11"]
[EventCountry "UAE"]
[Source "lmi"]
[SourceDate "2013.12.19"]

1. d4 Nf6 2. Nf3 e6 3. e3 c5 4. Bd3 Nc6 5. O-O Be7 6. b3 cxd4 7. exd4 O-O 8.
Bb2 b6 9. a3 Bb7 10. Nbd2 Rc8 11. Rc1 a6 12. c4 d6 13. Re1 Qd7 14. Bb1 Na5 15.
b4 Nc6 16. Qc2 Na7 17. Ne5 Qd8 18. Ng4 g6 19. Ne3 Re8 20. Rcd1 Bf8 21. Qb3 Bg7
22. Ndf1 Qe7 23. Ng3 h5 24. h3 h4 25. Ngf1 Nh5 26. d5 Bxb2 27. Qxb2 e5 28. Nd2
b5 29. Bd3 Nf4 30. Bf1 f5 31. a4 Kh7 32. Qa2 Ra8 33. Qc2 Rec8 34. Qb1 Rd8 35.
Kh1 Rac8 36. Nxf5 gxf5 37. Qxf5+ Ng6 38. Bd3 Qe8 39. Re4 Rxc4 40. Nxc4 bxc4 41.
Rxc4 Bxd5 42. Rc7+ 1-0

[Event "Wch Juvenil 2013 sub-16 femenino"]
[Site "Al-Ain UAE"]
[Date "2013.12.24"]
[Round "7.29"]
[White "Head, Louise"]
[Black "Rojikova, Lenka"]
[Result "0-1"]
[WhiteElo "1786"]
[BlackElo "1943"]
[PlyCount "104"]
[EventDate "2013.12.19"]
[EventType "swiss"]
[EventRounds "11"]
[EventCountry "UAE"]
[Source "lmi"]
[SourceDate "2013.12.19"]

1. d4 Nf6 2. c4 c5 3. d5 b5 4. cxb5 a6 5. bxa6 g6 6. Nc3 Bxa6 7. g3 d6 8. Bg2
Bg7 9. Nf3 Nbd7 10. O-O O-O 11. Re1 Qa5 12. Qc2 Rfb8 13. e4 Ng4 14. Bd2 Nde5
15. Nxe5 Nxe5 16. Nd1 Qb6 17. Bc3 c4 18. Kh1 Nd3 19. Re2 Ra7 20. Bxg7 Kxg7 21.
Qc3+ Kg8 22. Rd2 Qb4 23. Qxb4 Rxb4 24. Bf1 Nc5 25. f3 Bb5 26. Nc3 Nb3 27. Nxb5
Ra5 28. Nd4 Nxd2 29. Nc6 Rab5 30. Nxb4 Rxb4 31. b3 cxb3 32. axb3 Rxb3 33. Be2
Nxf3 34. Bxf3 Rxf3 35. Ra7 Kf8 36. Kg2 Re3 37. Ra4 f5 38. exf5 gxf5 39. Kh3 Rd3
40. Kh4 Rxd5 41. Kg5 Kg7 42. Ra7 Re5 43. h4 h6+ 44. Kf4 Kf6 45. Ra8 Re4+ 46.
Kf3 Kg7 47. Rd8 Ra4 48. h5 Kf6 49. Rg8 Rg4 50. Rf8+ Kg5 51. Re8 e5 52. Re6 Rd4
0-1

[Event "Wch Juvenil 2013 sub-16 femenino"]
[Site "Al-Ain UAE"]
[Date "2013.12.24"]
[Round "7.30"]
[White "Ghaemmaghami, Pegah"]
[Black "Machlik, Monika"]
[Result "0-1"]
[WhiteElo "1723"]
[BlackElo "1936"]
[PlyCount "130"]
[EventDate "2013.12.19"]
[EventType "swiss"]
[EventRounds "11"]
[EventCountry "UAE"]
[Source "lmi"]
[SourceDate "2013.12.19"]

1. c4 c5 2. Nc3 Nc6 3. Nf3 g6 4. g3 Bg7 5. Bg2 Nh6 6. h4 Ng4 7. h5 d6 8. d3 O-O
9. Bf4 Bd7 10. hxg6 hxg6 11. Bh3 Nf6 12. Qd2 Bxh3 13. Rxh3 Qd7 14. Rh4 Ng4 15.
Nh2 Nxh2 16. Rxh2 Ne5 17. f3 f6 18. Bh6 Nf7 19. Bxg7 Kxg7 20. O-O-O Rh8 21.
Rdh1 Rxh2 22. Rxh2 Rh8 23. Rxh8 Nxh8 24. Qe3 Nf7 25. Nd5 Ne5 26. Qe4 Nc6 27.
Nf4 f5 28. Qe3 Nd4 29. b3 a5 30. Kb2 a4 31. Nd5 a3+ 32. Kb1 e6 33. Nc3 Qd8 34.
Nb5 Nxb5 35. cxb5 Kf7 36. Qh6 Qf6 37. Qc1 Qe5 38. Qxa3 Qxe2 39. Qa5 Qxd3+ 40.
Kb2 Qe2+ 41. Ka3 Qxf3 42. Qc7+ Kf6 43. Qxd6 Qd5 44. Qf8+ Kg5 45. Qe7+ Kg4 46.
Qh4+ Kf3 47. Qg5 e5 48. Qxg6 e4 49. Qg5 e3 50. Qh5+ Kxg3 51. Qg5+ Kf3 52. Qh5+
Ke4 53. Qh1+ Kd4 54. Qd1+ Ke5 55. Qe2 Qd2 56. Qh5 Qb4+ 57. Kb2 Qd2+ 58. Ka3
Qb4+ 59. Kb2 Qe4 60. Qh8+ Kf4 61. Qh4+ Kf3 62. Qh5+ Kf2 63. Qh2+ Kf1 64. Kc1 f4
65. a4 e2 0-1

[Event "Wch Juvenil 2013 sub-16 femenino"]
[Site "Al-Ain UAE"]
[Date "2013.12.24"]
[Round "7.31"]
[White "Menzi, Nezihe Ezgi"]
[Black "Baghirova, Khatin"]
[Result "0-1"]
[WhiteElo "1925"]
[BlackElo "1838"]
[PlyCount "72"]
[EventDate "2013.12.19"]
[EventType "swiss"]
[EventRounds "11"]
[EventCountry "UAE"]
[Source "lmi"]
[SourceDate "2013.12.19"]

1. e4 c5 2. Nf3 d6 3. d4 cxd4 4. Nxd4 Nf6 5. f3 a6 6. c4 Qc7 7. Nc3 e6 8. Be3
Nc6 9. Be2 Be7 10. O-O O-O 11. Rc1 Bd7 12. Nd5 exd5 13. cxd5 Rfd8 14. dxc6 bxc6
15. Qd2 c5 16. Nf5 Bxf5 17. exf5 d5 18. Rfd1 Qe5 19. Bd3 Bd6 20. g3 c4 21. Bb1
Bb4 22. Qf2 Qd6 23. a3 Ba5 24. Bd4 Rab8 25. Rc2 Re8 26. Kg2 Bb6 27. Rcd2 Bxd4
28. Qxd4 Qc6 29. g4 Qc7 30. h4 Rb3 31. Rf2 Rbe3 32. Bc2 h5 33. g5 Ng4 34. fxg4
Qg3+ 35. Kf1 Qh3+ 36. Rg2 Qh1+ 0-1

[Event "Wch Juvenil 2013 sub-16 femenino"]
[Site "Al-Ain UAE"]
[Date "2013.12.24"]
[Round "7.32"]
[White "Hua, Margaret"]
[Black "Du Toit, Sune"]
[Result "1-0"]
[WhiteElo "1922"]
[BlackElo "1728"]
[PlyCount "113"]
[EventDate "2013.12.19"]
[EventType "swiss"]
[EventRounds "11"]
[EventCountry "UAE"]
[Source "lmi"]
[SourceDate "2013.12.19"]

1. e4 e5 2. Bc4 Nf6 3. d3 c6 4. Nf3 d6 5. Bb3 Be7 6. Nbd2 O-O 7. O-O Bg4 8. Re1
Qc7 9. Nf1 Nbd7 10. h3 Bh5 11. Ng3 Bg6 12. c3 d5 13. Qe2 Bd6 14. Nh4 Rfe8 15.
Ngf5 Bf8 16. Qf3 Nc5 17. Bc2 Ne6 18. Qg3 Nh5 19. Qh2 Rad8 20. exd5 Rxd5 21. c4
Nd4 22. Nxd4 Rxd4 23. Nxg6 hxg6 24. Be3 Rd7 25. g4 Nf6 26. Rad1 c5 27. Ba4 Bd6
28. Qg2 Qb6 29. g5 Qa5 30. b3 Rdd8 31. Bxe8 Nxe8 32. f3 Nc7 33. h4 Ne6 34. Re2
Qc7 35. Qh3 Qe7 36. Qg4 b6 37. f4 exf4 38. Bxf4 Bxf4 39. Qxf4 Nxf4 40. Rxe7 a6
41. Rf1 Rd4 42. Re8+ Kh7 43. Re4 Nxd3 44. Rxd4 cxd4 45. Rxf7 Nb4 46. Rd7 Nxa2
47. Rxd4 Nc1 48. Rd6 Nxb3 49. Rxb6 Nc5 50. Rc6 Nd3 51. Rxa6 Kg8 52. Kg2 Kf8 53.
Kg3 Ne5 54. c5 Ke7 55. Rd6 Nc4 56. Rxg6 Kf7 57. h5 1-0

[Event "Wch Juvenil 2013 sub-16 femenino"]
[Site "Al-Ain UAE"]
[Date "2013.12.24"]
[Round "7.33"]
[White "Giblon, Rebecca"]
[Black "Chetina, Elizaveta"]
[Result "0-1"]
[WhiteElo "1715"]
[BlackElo "1904"]
[PlyCount "112"]
[EventDate "2013.12.19"]
[EventType "swiss"]
[EventRounds "11"]
[EventCountry "UAE"]
[Source "lmi"]
[SourceDate "2013.12.19"]

1. e4 e5 2. Nf3 Nc6 3. d4 exd4 4. Nxd4 Bc5 5. Be3 Qf6 6. Nb5 Bxe3 7. fxe3 Qh4+
8. g3 Qd8 9. Qg4 g5 10. N1c3 Ne5 11. Qe2 a6 12. Nd4 d6 13. Nf5 Bxf5 14. exf5
Ne7 15. e4 Qd7 16. O-O-O O-O-O 17. Qe3 f6 18. h4 g4 19. Nd5 Nxd5 20. Rxd5 c6
21. Ra5 Qc7 22. Qa3 Qb6 23. Bxa6 bxa6 24. Rxa6 Qc5 25. Ra8+ Kd7 26. Qxc5 dxc5
27. Rd1+ Ke7 28. Ra7+ Rd7 29. Rdxd7+ Nxd7 30. Kd2 Kd6 31. a4 Rb8 32. Kc3 Rb4
33. e5+ fxe5 34. a5 e4 35. a6 Rb8 36. b3 e3 37. Kd3 Re8 38. Ke2 Nf6 39. Rg7 Nd5
40. Rxh7 Nc3+ 41. Ke1 e2 42. f6 Re5 43. Re7 Rd5 44. a7 Rd1+ 45. Kf2 Rf1+ 46.
Kg2 Ra1 47. Kf2 Nd5 48. Rxe2 Nxf6 49. Ke3 Nd5+ 50. Kd3 Rxa7 51. Re4 Nf6 52. Rf4
Ke5 53. Kc4 Nd5 54. Rf2 Kd6 55. Re2 Rf7 56. Rd2 Re7 0-1

[Event "Wch Juvenil 2013 sub-16 femenino"]
[Site "Al-Ain UAE"]
[Date "2013.12.24"]
[Round "7.34"]
[White "Ahmadova, Fatima"]
[Black "Dong, Alice"]
[Result "0-1"]
[WhiteElo "1634"]
[BlackElo "1903"]
[PlyCount "60"]
[EventDate "2013.12.19"]
[EventType "swiss"]
[EventRounds "11"]
[EventCountry "UAE"]
[Source "lmi"]
[SourceDate "2013.12.19"]

1. e4 c5 2. c3 d5 3. exd5 Qxd5 4. d4 Nf6 5. Nf3 Bg4 6. Be2 e6 7. O-O Nc6 8. Be3
cxd4 9. cxd4 Bb4 10. a3 Ba5 11. b4 Bb6 12. Nc3 Qd6 13. Nb5 Qb8 14. Qd2 Nd5 15.
Nc3 Nxc3 16. Qxc3 O-O 17. Rfd1 Qd6 18. Rd2 Rac8 19. Qb2 Bc7 20. g3 Qd5 21. Ne1
Bxe2 22. Rxe2 e5 23. Nc2 Rfe8 24. Rd2 exd4 25. Nxd4 Ne5 26. Rc1 Bb6 27. Rxc8
Rxc8 28. Rc2 Rd8 29. Rd2 Bxd4 30. Bxd4 Nf3+ 0-1

[Event "Wch Juvenil 2013 sub-16 femenino"]
[Site "Al-Ain UAE"]
[Date "2013.12.24"]
[Round "7.35"]
[White "Grgic, Neomi"]
[Black "Rodsmoen, Maud"]
[Result "1-0"]
[WhiteElo "1882"]
[BlackElo "1772"]
[PlyCount "59"]
[EventDate "2013.12.19"]
[EventType "swiss"]
[EventRounds "11"]
[EventCountry "UAE"]
[Source "lmi"]
[SourceDate "2013.12.19"]

1. e4 e5 2. Nf3 Nc6 3. Bb5 a6 4. Ba4 Nf6 5. O-O Be7 6. Re1 b5 7. Bb3 d6 8. c3
O-O 9. d4 Bg4 10. d5 Na5 11. Bc2 c6 12. h3 Bc8 13. dxc6 Qc7 14. Nbd2 Qxc6 15.
Nf1 Nc4 16. Ng3 Re8 17. Nh4 g6 18. b3 Na5 19. Qf3 Nd7 20. Nhf5 gxf5 21. Nxf5
Bf6 22. Qh5 Nf8 23. Nh6+ Kh8 24. Qxf7 Ne6 25. Qxf6+ Ng7 26. Nf7+ Kg8 27. Bh6
Ne6 28. Re3 Rf8 29. Rg3+ Ng5 30. Rxg5# 1-0

[Event "Wch Juvenil 2013 sub-16 femenino"]
[Site "Al-Ain UAE"]
[Date "2013.12.24"]
[Round "7.36"]
[White "Schnegg, Anna-Lena"]
[Black "Bulmaga, Elena"]
[Result "1/2-1/2"]
[WhiteElo "2075"]
[BlackElo "1820"]
[PlyCount "105"]
[EventDate "2013.12.19"]
[EventType "swiss"]
[EventRounds "11"]
[EventCountry "UAE"]
[Source "lmi"]
[SourceDate "2013.12.19"]

1. c4 Nf6 2. Nc3 e6 3. d4 Bb4 4. Qc2 b6 5. Bd2 Bb7 6. Nf3 O-O 7. e3 d6 8. Bd3
Nbd7 9. a3 Bxc3 10. Bxc3 h6 11. O-O Nh5 12. Qe2 f5 13. Ne5 Nhf6 14. Nxd7 Qxd7
15. f3 Nh5 16. b3 Rae8 17. Qb2 Qe7 18. b4 Qg5 19. Bd2 Rf6 20. Rf2 Rg6 21. Bc1
Qh4 22. Qd2 Nf6 23. Bb2 Nh7 24. a4 Ng5 25. Kh1 Nf7 26. Rff1 Qg5 27. Qf2 e5 28.
d5 Bc8 29. f4 Qe7 30. Rae1 Rf8 31. Bc3 h5 32. e4 fxe4 33. Bxe4 Rg4 34. Qd2 Qh4
35. Bf3 Rg6 36. fxe5 Nxe5 37. Bxe5 dxe5 38. Re4 Qf6 39. Qe2 Bg4 40. Rf2 Rg5 41.
h3 Bxf3 42. Rxf3 Rf5 43. Rxf5 Qxf5 44. Rxe5 Qf1+ 45. Kh2 Qf4+ 46. g3 Qf2+ 47.
Qxf2 Rxf2+ 48. Kg1 Rc2 49. Re8+ Kf7 50. Rc8 Rxc4 51. d6 Ke6 52. dxc7 Kd6 53.
Rh8 1/2-1/2

[Event "Wch Juvenil 2013 sub-16 femenino"]
[Site "Al-Ain UAE"]
[Date "2013.12.24"]
[Round "7.38"]
[White "Shao, Stephanie"]
[Black "Fuskova, Martina"]
[Result "0-1"]
[WhiteElo "1673"]
[BlackElo "1969"]
[PlyCount "52"]
[EventDate "2013.12.19"]
[EventType "swiss"]
[EventRounds "11"]
[EventCountry "UAE"]
[Source "lmi"]
[SourceDate "2013.12.19"]

1. e4 c5 2. Nf3 e6 3. d4 cxd4 4. Nxd4 Nf6 5. Bd3 Nc6 6. c3 Qb6 7. Qb3 Bc5 8.
Qxb6 Bxb6 9. Nc2 Ne5 10. Ke2 Nxd3 11. Kxd3 Bxf2 12. Bf4 b6 13. b4 d5 14. exd5
Nxd5 15. Be5 f6 16. Rf1 Bh4 17. Bd4 e5 18. Be3 O-O 19. Bd2 Rd8 20. Ke4 Bb7 21.
Kf5 h5 22. Kg6 Ba6 23. Rc1 Be2 24. Kf5 Bd3+ 25. Ke6 Nc7+ 26. Ke7 f5+ 0-1

[Event "Wch Juvenil 2013 sub-16 femenino"]
[Site "Al-Ain UAE"]
[Date "2013.12.24"]
[Round "7.39"]
[White "Tursunova, Shakhnoza"]
[Black "Gunaratne, Manisha Suchini"]
[Result "1-0"]
[WhiteElo "1937"]
[BlackElo "1691"]
[PlyCount "90"]
[EventDate "2013.12.19"]
[EventType "swiss"]
[EventRounds "11"]
[EventCountry "UAE"]
[Source "lmi"]
[SourceDate "2013.12.19"]

1. e4 c5 2. Nf3 d6 3. d4 cxd4 4. Nxd4 Nf6 5. Nc3 g6 6. Bg5 Bg7 7. Bb5+ Nbd7 8.
Qd2 h6 9. Be3 Ng4 10. f4 Nxe3 11. Qxe3 a6 12. Bxd7+ Bxd7 13. O-O Qb6 14. Rfd1
O-O 15. Rab1 Bg4 16. Rd3 Rac8 17. Nf5 Qxe3+ 18. Nxe3 Be6 19. Ncd5 Bxd5 20. Rxd5
Rc5 21. c3 f5 22. exf5 gxf5 23. Rbd1 Rf6 24. Rxc5 dxc5 25. Rd5 Re6 26. Kf2 Re4
27. g3 e5 28. Nxf5 exf4 29. Nxg7 Kxg7 30. Rd7+ Kf6 31. Rxb7 fxg3+ 32. hxg3 Ra4
33. a3 Ra5 34. Ke3 Kg5 35. Kf3 Ra4 36. Rg7+ Kf6 37. Rc7 Ra5 38. Kf4 Rb5 39.
Rc6+ Ke7 40. b4 cxb4 41. axb4 h5 42. Rxa6 Rd5 43. Ra5 Rd3 44. Re5+ Kd6 45. Re8
Kd7 1-0

[Event "Wch Juvenil 2013 sub-16 femenino"]
[Site "Al-Ain UAE"]
[Date "2013.12.24"]
[Round "7.40"]
[White "Drogovoz, Maria"]
[Black "Breedt, Shade"]
[Result "1-0"]
[WhiteElo "1898"]
[BlackElo "1638"]
[PlyCount "83"]
[EventDate "2013.12.19"]
[EventType "swiss"]
[EventRounds "11"]
[EventCountry "UAE"]
[Source "lmi"]
[SourceDate "2013.12.19"]

1. e4 c5 2. Nf3 d6 3. d4 cxd4 4. Nxd4 g6 5. Nc3 Bg7 6. g3 Nc6 7. Nde2 Nf6 8.
Bg2 O-O 9. O-O Rb8 10. a4 a6 11. h3 b5 12. axb5 axb5 13. Be3 Bd7 14. Nd5 Ne8
15. Rb1 e6 16. Ndf4 Qe7 17. Qd2 Ne5 18. b3 Bc6 19. Rfd1 Qb7 20. f3 b4 21. Nd4
Nd7 22. Nd3 Nc5 23. Nxc6 Bc3 24. Qe2 Qxc6 25. Nxc5 dxc5 26. Qc4 Rc8 27. e5 Qc7
28. f4 Ng7 29. g4 f6 30. exf6 Bxf6 31. Rd3 Be7 32. Rbd1 Qb6 33. Rd7 Rc7 34.
Rxe7 Rxe7 35. Bxc5 Qc7 36. Bxe7 Qxe7 37. Rd4 Rb8 38. Kh1 Kh8 39. Qd3 e5 40. Qe4
Rb5 41. Qa8+ Qe8 42. Rd8 1-0

[Event "Wch Juvenil 2013 sub-16 femenino"]
[Site "Al-Ain UAE"]
[Date "2013.12.24"]
[Round "7.41"]
[White "Poteat, Lilia M"]
[Black "Bermudez Veliz, Josselyn"]
[Result "0-1"]
[WhiteElo "1866"]
[BlackElo "1679"]
[PlyCount "90"]
[EventDate "2013.12.19"]
[EventType "swiss"]
[EventRounds "11"]
[EventCountry "UAE"]
[Source "lmi"]
[SourceDate "2013.12.19"]

1. e4 c5 2. Nf3 Nc6 3. d4 cxd4 4. Nxd4 g6 5. Nc3 Bg7 6. Be3 Nf6 7. Bc4 O-O 8.
Bb3 Ng4 9. Qxg4 Nxd4 10. Qd1 Nxb3 11. axb3 b6 12. O-O Bb7 13. Bd4 Bxd4 14. Qxd4
Qc7 15. b4 a6 16. f4 b5 17. Rad1 d6 18. f5 Rfd8 19. fxg6 hxg6 20. Rd3 f6 21.
Rg3 Kg7 22. Qd1 Qc4 23. Qg4 Qf7 24. Ne2 Bc8 25. Qf3 e5 26. Nc3 Bb7 27. h4 Rh8
28. h5 Rh6 29. Qd1 Rd8 30. Qf3 Rdh8 31. Rxg6+ Rxg6 32. hxg6 Qxg6 33. Rd1 Rd8
34. Kf2 Kf7 35. b3 Ke7 36. Nd5+ Bxd5 37. Rxd5 Rc8 38. Qd3 f5 39. c4 fxe4 40.
Qe2 bxc4 41. bxc4 Qf5+ 42. Kg1 Qf4 43. c5 dxc5 44. Qxa6 Qe3+ 45. Kf1 Rf8+ 0-1

[Event "Wch Juvenil 2013 sub-16 femenino"]
[Site "Al-Ain UAE"]
[Date "2013.12.24"]
[Round "7.42"]
[White "Methmani, Nelunika"]
[Black "Hiebler, Laura"]
[Result "0-1"]
[WhiteElo "1672"]
[BlackElo "1840"]
[PlyCount "86"]
[EventDate "2013.12.19"]
[EventType "swiss"]
[EventRounds "11"]
[EventCountry "UAE"]
[Source "lmi"]
[SourceDate "2013.12.19"]

1. d4 f5 2. c4 Nf6 3. Nc3 e6 4. g3 Bb4 5. Bd2 O-O 6. Bg2 d6 7. Nf3 Nbd7 8. O-O
Bxc3 9. Bxc3 Ne4 10. Qc2 Ndf6 11. Nd2 Nxc3 12. Qxc3 e5 13. e4 exd4 14. Qxd4
fxe4 15. Nxe4 Nxe4 16. Bxe4 Qf6 17. Qxf6 Rxf6 18. Rfe1 c6 19. Re3 Be6 20. Rc1
Rd8 21. b3 g6 22. Rce1 Bf7 23. f4 Kg7 24. Kf2 a6 25. Kf3 d5 26. cxd5 Bxd5 27.
Bxd5 Rxd5 28. Re7+ Rf7 29. R1e2 c5 30. R2e5 Rxe5 31. Rxf7+ Kxf7 32. fxe5 Ke6
33. Ke4 g5 34. h3 h6 35. a3 b6 36. a4 b5 37. h4 gxh4 38. gxh4 h5 39. a5 b4 40.
Kd3 Kxe5 41. Ke3 Kd5 42. Kd3 c4+ 43. bxc4+ Kc5 0-1

[Event "Wch Juvenil 2013 sub-16 femenino"]
[Site "Al-Ain UAE"]
[Date "2013.12.24"]
[Round "7.43"]
[White "Mithran, Mirakla"]
[Black "Alboredo, Julia"]
[Result "1/2-1/2"]
[WhiteElo "1655"]
[BlackElo "1830"]
[PlyCount "38"]
[EventDate "2013.12.19"]
[EventType "swiss"]
[EventRounds "11"]
[EventCountry "UAE"]
[Source "lmi"]
[SourceDate "2013.12.19"]

1. f4 c5 2. e3 g6 3. Nf3 Bg7 4. Be2 e6 5. O-O Ne7 6. c3 O-O 7. d4 cxd4 8. cxd4
d5 9. Nc3 b6 10. Bd2 Nbc6 11. a3 Bb7 12. Qe1 Nf5 13. Bd3 Rc8 14. g4 Nd6 15. Qg3
f5 16. g5 Na5 17. Rab1 Nac4 18. Rf2 Ba6 19. Bxc4 Ne4 1/2-1/2

[Event "Wch Juvenil 2013 sub-16 femenino"]
[Site "Al-Ain UAE"]
[Date "2013.12.24"]
[Round "7.45"]
[White "Fisher, Michelle M"]
[Black "Fortunata, Fransisca"]
[Result "1-0"]
[WhiteElo "1627"]
[BlackElo "2117"]
[PlyCount "37"]
[EventDate "2013.12.19"]
[EventType "swiss"]
[EventRounds "11"]
[EventCountry "UAE"]
[Source "lmi"]
[SourceDate "2013.12.19"]

1. e4 e5 2. Nf3 Nc6 3. d4 exd4 4. Bc4 Nf6 5. O-O Bc5 6. e5 d5 7. exf6 dxc4 8.
Re1+ Be6 9. fxg7 Rg8 10. Ng5 Qf6 11. Nxe6 fxe6 12. Qh5+ Kd7 13. Qxc5 Qxg7 14.
g3 Raf8 15. Qxc4 Qf6 16. Qe2 Ne5 17. Nd2 h5 18. Qxe5 Qxf2+ 19. Kh1 1-0

[Event "Wch Juvenil 2013 sub-16 femenino"]
[Site "Al-Ain UAE"]
[Date "2013.12.24"]
[Round "7.47"]
[White "Kahanda, I D S."]
[Black "Solis Carbajal, Minueth Si"]
[Result "1-0"]
[WhiteElo "1647"]
[BlackElo "1602"]
[PlyCount "51"]
[EventDate "2013.12.19"]
[EventType "swiss"]
[EventRounds "11"]
[EventCountry "UAE"]
[Source "lmi"]
[SourceDate "2013.12.19"]

1. e4 e5 2. Nf3 Nc6 3. Bb5 a6 4. Ba4 b5 5. Bb3 d6 6. c3 Bb7 7. d4 exd4 8. cxd4
Qe7 9. O-O O-O-O 10. a4 b4 11. a5 Nf6 12. Ng5 d5 13. e5 Ne4 14. Nh3 h6 15. Nf4
Na7 16. Nd3 Nb5 17. Be3 Na7 18. Re1 Nc6 19. f3 Ng5 20. Nc5 Ne6 21. Nxb7 Kxb7
22. Qd3 g6 23. Rc1 f5 24. Rxc6 Kxc6 25. Qxa6+ Kd7 26. Ba4+ 1-0

[Event "Wch Juvenil 2013 sub-16 femenino"]
[Site "Al-Ain UAE"]
[Date "2013.12.24"]
[Round "7.48"]
[White "Wen, Jessica"]
[Black "Ebeling, Gabriela"]
[Result "1-0"]
[WhiteElo "1646"]
[BlackElo "1570"]
[PlyCount "91"]
[EventDate "2013.12.19"]
[EventType "swiss"]
[EventRounds "11"]
[EventCountry "UAE"]
[Source "lmi"]
[SourceDate "2013.12.19"]

1. e4 e5 2. Bc4 Nf6 3. d3 Nc6 4. Nf3 Be7 5. c3 O-O 6. O-O h6 7. Bb3 Re8 8. Nbd2
Bf8 9. Re1 d6 10. Nf1 Be6 11. Bc2 d5 12. Qe2 dxe4 13. dxe4 Bg4 14. h3 Bxf3 15.
Qxf3 Qe7 16. Ng3 g6 17. b4 Bg7 18. Bb3 Rad8 19. a4 Rd7 20. Ba3 Qd8 21. Rad1
Rxd1 22. Rxd1 Qc8 23. Bc1 g5 24. Nf5 Ne7 25. Nxh6+ Kh7 26. Nxf7 g4 27. hxg4
Qxg4 28. Qxg4 Nxg4 29. f3 Nf6 30. Kf2 Ng6 31. Ng5+ Kh8 32. Rh1+ Bh6 33. Rxh6+
Kg7 34. Rxg6+ Kxg6 35. Bf7+ Kg7 36. Bxe8 Nxe8 37. f4 exf4 38. Bxf4 Kg6 39. e5
Kf5 40. Kf3 c6 41. Nf7 Nc7 42. Nd6+ Ke6 43. Nxb7 Nd5 44. Nc5+ Kf5 45. g4+ Kg6
46. Bd2 1-0